Về văn hóa và tín ngưỡng truyền thống người Việt
Giới thiệu gia đình và tôn giáo Việt Nam; Tế Nam Giao. Đề cập đến lăng mộ người Việt vùng phụ cận Huế; tang lễ vua Gia Long; lăng Gia Long.
Đã lưu trong:
| Tác giả chính: | |
|---|---|
| Định dạng: | Sách |
| Năm xuất bản: |
H.
Văn hóa thông tin
1997
|
| Chủ đề: | |
| Tags: |
Thêm thẻ
Không có thẻ, Hãy là người đầu tiên gắn thẻ bản ghi này!
|
| LEADER | 01342nam a2200205 4500 | ||
|---|---|---|---|
| 999 | |c 8838 |d 8838 | ||
| 082 | |a 306.09597 |b C100D | ||
| 100 | |a Cadiere, Leopold | ||
| 245 | |a Về văn hóa và tín ngưỡng truyền thống người Việt |c Leopold Cadiere; Đỗ Trinh Huệ dịch | ||
| 260 | |a H. |b Văn hóa thông tin |c 1997 | ||
| 300 | |a 285 tr. |c 24 cm. | ||
| 520 | |a Giới thiệu gia đình và tôn giáo Việt Nam; Tế Nam Giao. Đề cập đến lăng mộ người Việt vùng phụ cận Huế; tang lễ vua Gia Long; lăng Gia Long. | ||
| 653 | |a Văn hóa | ||
| 653 | |a Tín ngưỡng | ||
| 653 | |a Việt Nam | ||
| 942 | |2 ddc |c STK0 | ||
| 952 | |0 0 |1 0 |2 ddc |4 0 |6 306_095970000000000_C100D |7 0 |8 300 |9 71774 |a qbu |b qbu |c D2 |d 2015-05-01 |g 50000 |o 306.09597 C100D |p 8578.c1 |w 2015-05-01 |y STK0 |0 0 |6 306_000000000000000_C100D | ||
| 952 | |0 0 |1 0 |2 ddc |4 0 |6 306_095970000000000_C100D |7 0 |8 300 |9 71775 |a qbu |b qbu |c D2 |d 2015-05-01 |g 50000 |o 306.09597 C100D |p 8578.c2 |w 2015-05-01 |y STK0 |0 0 |6 306_000000000000000_C100D | ||
| 952 | |0 0 |1 0 |2 ddc |4 0 |6 306_095970000000000_C100D |7 0 |8 300 |9 71776 |a qbu |b qbu |c D2 |d 2015-05-01 |g 50000 |o 306.09597 C100D |p 8578.c3 |w 2015-05-01 |y STK0 |0 0 |6 306_000000000000000_C100D | ||
| 952 | |0 0 |1 0 |2 ddc |4 0 |6 306_095970000000000_C100D |7 0 |8 300 |9 92262 |a qbu |b qbu |c D2 |d 2015-08-31 |g 50000 |o 306.09597 C100D |p 8578.c4 |w 2015-08-31 |y STK0 |0 0 |6 306_000000000000000_C100D | ||